Sarò Carmen : l'amore nascosto : romanzo /

Uloženo v:
Podrobná bibliografie
Hlavní autor: Pinto, Marina
Médium: Kniha
Jazyk:italština
Vydáno: Roma : Edizioni Libreria Croce, stampa 2006
Edice:Ozio sapiente
Tagy: Přidat tag
Žádné tagy, Buďte první, kdo vytvoří štítek k tomuto záznamu!

MARC

LEADER 00000nam a22000007i 4500
001 IT\ICCU\RMR\0301895
003 ItRI
005 20240403193813.0
008 141229s2006 it |||||| ||||| |||||c
020 |a 9788889337325 
040 |b ita  |c GP 
041 7 |a ita  |2 ISO-639-2 
100 1 |a Pinto, Marina  |0 IT\ICCU\CFIV\255527 
245 1 0 |a Sarò Carmen :  |b l'amore nascosto : romanzo /  |c Marina Pinto. 
260 |a Roma :  |b Edizioni Libreria Croce,  |c stampa 2006 
300 |a 200 p. ;  |c 21 cm 
830 0 |a Ozio sapiente  |0 IT\ICCU\CFI\0966229 
942 |2 ddc  |c BK 
952 |0 0  |1 0  |2 ddc  |4 0  |6 853_914000000000000_PIN  |7 1  |9 1178  |a RM  |b RM  |d 2024-04-03  |l 0  |o 853.914 PIN  |p 724  |r 2024-04-03 19:38:33  |w 2024-04-03  |y BK 
981 1 |6 z01  |a i   |b xxxe  
982 1 |6 z01  |a n 
999 |c 1081  |d 1081